Statistiken für 10 Größte Städte Argentiniens

Klicken Sie hier um das Quiz zu spielen!

Allgemein

  • Dieses Quiz wurde 21 mal gespielt
  • Das Durchschnittsergebnis liegt bei 3 aus 10

Antwortstatistiken

HintAntwort% Korrekt
1Buenos Aires
100%
2Córdoba
60%
3Rosario
55%
4Mendoza
40%
7Salta
25%
6La Plata
15%
10San Juan
15%
8Mar del Plata
10%
5San Miguel de Tucumán
5%
9Santa Fe
5%

Verteilung der Resultate

Perzentil nach korrekt beantworteten Fragen

Anzahl Personen mit jedem Resultat

Ihre Resultats-Entwicklung

Sie haben dieses Quiz noch nicht gespielt